ՀՀ Գիտությունների ազգային ակադեմիայի հիմնարար գիտական գրադարան  =   Fundamental Scientific Library of NAS RA

Տաղարան / (Record no. 106190)

MARC details
000 -LEADER
fixed length control field 00930nam a2200217 a 4500
001 - CONTROL NUMBER
control field 000290265
003 - CONTROL NUMBER IDENTIFIER
control field AM-YeHGA
005 - DATE AND TIME OF LATEST TRANSACTION
control field 20250618071905.0
008 - FIXED-LENGTH DATA ELEMENTS--GENERAL INFORMATION
fixed length control field 031204s1966 ai 000 | arm d
040 ## - CATALOGING SOURCE
Original cataloging agency AM-YeHGA
041 0# - LANGUAGE CODE
Language code of text/sound track or separate title arm
090 ## - LOCALLY ASSIGNED LC-TYPE CALL NUMBER (OCLC); LOCAL CALL NUMBER (RLIN)
-- 107516
100 0# - MAIN ENTRY--PERSONAL NAME
Personal name Շիրին
Dates associated with a name գուսան
245 10 - TITLE STATEMENT
Title Տաղարան /
Statement of responsibility, etc. Շիրին (Հովհաննես Կարապետյան); Կազմ. և առաջաբ. հեղ.՝ Շ. Գրիգորյան; Խմբ.՝ Միք.Ա. Հարությունյան.
260 ## - PUBLICATION, DISTRIBUTION, ETC.
Place of publication, distribution, etc. Երևան :
Name of publisher, distributor, etc. Հայաստան,
Date of publication, distribution, etc. 1966.
300 ## - PHYSICAL DESCRIPTION
Extent 131 էջ :
Other physical details լուսանկ. ;
Dimensions 17 սմ.
650 14 - SUBJECT ADDED ENTRY--TOPICAL TERM
Topical term or geographic name entry element Հայ գրականություն
General subdivision Պոեզիա
650 14 - SUBJECT ADDED ENTRY--TOPICAL TERM
Topical term or geographic name entry element Գուսանական արվեստ
9 (RLIN) 4727
700 1# - ADDED ENTRY--PERSONAL NAME
Personal name Գրիգորյան, Շավիղ Սուրենի,
Dates associated with a name 1922-
Relator term կազմ.
Relationship com
Relator term առաջաբ.
Relationship aui
700 1# - ADDED ENTRY--PERSONAL NAME
Personal name Հարությունյան, Միքայել Արտեմի,
Dates associated with a name 1918-1987
Relator term խմբ.
Relationship edt
9 (RLIN) 1173
Holdings
Withdrawn status Lost status Damaged status Not for loan Collection Home library Current library Date acquired Total checkouts Full call number Barcode Date last seen Cost, replacement price Price effective from Koha item type Public note
        General Fundamental Scientific Library Fundamental Scientific Library 22/12/2016   AI/8904 FL0045600 22/12/2016 27.00 22/12/2016 Գրքեր / Books 30 Days Loan
        General Fundamental Scientific Library Fundamental Scientific Library 22/12/2016   AI/8905 FL0045601 22/12/2016 27.00 22/12/2016 Գրքեր / Books 30 Days Loan
        General Fundamental Scientific Library Fundamental Scientific Library 22/12/2016   AI/9012 FL0046337 22/12/2016 30.00 22/12/2016 Գրքեր / Books 30 Days Loan


ՀՀ ԳԱԱ հիմնարար գիտական գրադարան
ՀՀ,Երևան 0019
Մարշալ Բաղրամյան 24/6
հեռախոս:(374-10) 52-47-50
Հետադարձ կապ

All site content, except where otherwise noted, is licensed under a
Creative Commons License